000 00275nam a22001217a 4500
008 170502b xxu||||| |||| 00| 0 eng d
041 _aeng
080 _a34
100 _a14
101 _aSHJ
245 _aMEMORY, TRAUMA, TREATMENT, AND THE LAW
_cBROWN, D
942 _2udc
_cBK
999 _c12389
_d12389